| 000 | 00422nam a2200157Ia 4500 | ||
|---|---|---|---|
| 008 | 150509s9999 xx 000 0 und d | ||
| 082 | _a330 BLA | ||
| 100 | _aBlaug, Mark | ||
| 245 | _aThe cambridge revolution, success or failure | ||
| 260 | _as.l.: | ||
| 260 | _bInstitute of Economic Affairs | ||
| 260 | _c1975 | ||
| 300 | _axiii, 102p. ;21cm | ||
| 500 | _aBibliography: p.[87]-94Includes index | ||
| 650 | _aEconomics | ||
| 999 |
_c1622 _d1622 |
||